MARC

LEADER 00000nam0a2200000 4500
001 246524
005 20231101232220.0
035 |a (RuTPU)RU\TPU\book\267975 
090 |a 246524 
100 |a 20131205d1972 m y0rusy50 ca 
101 0 |a rus 
102 |a RU 
105 |a a j 001zy 
200 1 |a Кристаллография и минералогия  |e учебное пособие  |f С. А. Гумилевский, В. М. Киршон, Г. П. Луговской  |g под ред. А. И. Гинзбурга 
210 |a Москва  |c Высшая школа  |d 1972 
215 |a 280 с.  |c ил. 
320 |a Библиогр.: с. 275. 
320 |a Указатель минералов: с. 276-278. 
606 1 |a Кристаллография  |2 stltpush  |3 (RuTPU)RU\TPU\subj\16322  |9 42433 
606 1 |a Минералогия  |2 stltpush  |3 (RuTPU)RU\TPU\subj\43907  |9 63333 
610 1 |a история 
610 1 |a кристаллохимия 
610 1 |a кристаллы 
610 1 |a кристаллическое вещество 
610 1 |a минералы 
610 1 |a морфология 
610 1 |a физические свойства 
610 1 |a химический состав 
610 1 |a формулы 
610 1 |a эндогенные процессы 
610 1 |a экзогенные процессы 
610 1 |a исследование 
610 1 |a описание 
610 1 |a классы 
610 1 |a подклассы 
610 1 |a металлы 
610 1 |a сульфиды 
610 1 |a окислы 
610 1 |a карбонаты 
610 1 |a сульфаты 
610 1 |a бораты 
610 1 |a силикаты 
610 1 |a учебные пособия 
675 |a 548(075.8)  |v 3 
675 |a 549(075.8)  |v 3 
700 1 |a Гумилевский  |b С. А.  |g Сергей Алексеевич 
701 1 |a Киршон  |b В. М.  |g Валентина Михайловна 
701 1 |a Луговской  |b Г. П.  |g Герман Павлович 
702 1 |a Гинзбург  |b А. И.  |4 340 
801 1 |a RU  |b 63413507  |c 20131205 
801 2 |a RU  |b 63413507  |c 20160815  |g RCR 
942 |c BK